| 000 | 01432nam a22002057a 4500 | ||
|---|---|---|---|
| 003 | OSt | ||
| 005 | 20260421090027.0 | ||
| 008 | 260421b |||||||| |||| 00| 0 SPA d | ||
| 020 | _a9978862862 | ||
| 082 | _29978862862 | ||
| 100 | _aAsamblea Nacional del Ecuador | ||
| 245 | _a Código del Trabajo legislación conexa, concordancias, jurisprudencia 2016 | ||
| 250 | _a18va edición | ||
| 260 |
_aECUADOR _bCorporación de Estudios y Publicaciones _c2016 |
||
| 300 |
_a810 pág _c 20.5 cm x 14.5 cm |
||
| 490 | _3Cartulina de alto gramaje | ||
| 520 | _aEsta edición compila el conjunto de normas que regulan el vínculo jurídico entre empleadores y trabajadores en Ecuador. Su propósito principal es garantizar la protección de los derechos laborales y establecer las obligaciones de ambas partes para asegurar la justicia social. Al incluir concordancias y jurisprudencia, facilita a los abogados y estudiantes la interpretación técnica de cada artículo. Además, integra las reformas críticas de 2016 sobre el seguro de desempleo y la optimización de la jornada. Sirve como una guía práctica para resolver conflictos legales mediante criterios judiciales actualizados. En esencia, busca proporcionar seguridad jurídica en el entorno productivo del país. Finalmente, actúa como el referente oficial para la consulta de leyes laborales conexas. | ||
| 700 | _aAsamblea Nacional del Ecuador | ||
| 942 |
_2ddc _cBKA _n0 |
||
| 999 |
_c2076 _d2076 |
||